MARC

LEADER 00000nam0a2200000 4500
001 254773
005 20231101232950.0
010 |a 5020291749 
020 |a RU  |b 89-59932 
035 |a (RuTPU)RU\TPU\book\277262 
090 |a 254773 
100 |a 20140324d1989 k y0rusy5003 ca 
101 0 |a rus 
102 |a RU 
105 |a a z 001zy 
200 1 |a Метаморфическая эволюция Олекминской гранит-зеленокаменной области (Южная Якутия)  |f А. П. Смелов  |g Академия наук СССР (АН СССР), Сибирское отделение (СО), Институт геологии и геофизики (ИГиГ) ; под ред. В. И. Кицула 
210 |a Новосибирск  |c Наука  |c Сиб. отд-ние  |d 1989 
215 |a 127,[2] с.  |c ил. 
320 |a Библиогр.: с. 120-128. 
606 1 |a Метаморфизм  |x (петрография)  |2 stltpush  |3 (RuTPU)RU\TPU\subj\43405  |9 62910 
606 1 |a Гранитоиды  |x Происхождение  |2 stltpush  |3 (RuTPU)RU\TPU\subj\8547  |9 35939 
610 1 |a Архейские отложения 
610 1 |a горные породы метаморфические 
610 1 |a Якутия 
610 1 |a петрологические исследования 
610 1 |a радиологические исследования 
610 1 |a типоморфные минералы 
610 1 |a термодинамические режимы 
675 |a 552.321.1/.3  |z rus 
675 |a 552.16  |z rus 
700 1 |a Смелов  |b А. П.  |g Александр Павлович 
702 1 |a Кицул  |b В. И.  |4 340 
712 0 2 |a Академия наук СССР (АН СССР)  |b Сибирское отделение (СО)  |b Институт геологии и геофизики (ИГиГ)  |c (Новосибирск)  |2 stltpush  |3 (RuTPU)RU\TPU\col\128 
801 0 |a RU  |b RuMRKP  |c 19950417  |g psbo 
801 1 |a RU  |b 63413507  |c 20140324 
801 2 |a RU  |b 63413507  |c 20140710  |g RCR 
942 |c BK